Taylor Swift mystery lyrics #6 - Statistics

General Stats
  • This quiz has been taken 136 times
    121 since last reset
  • The average score is 176 of 273
Answer Stats
Answer % Correct
I
100%
a
98%
you
95%
You
95%
the
92%
an
91%
And
91%
and
91%
it
90%
It
90%
it.
90%
me
89%
in
86%
We
86%
is
85%
your
84%
to
83%
when
83%
my
82%
be
81%
of
81%
love
80%
I'm
78%
one
75%
that
75%
this
75%
You're
75%
for
74%
was
74%
if
73%
they
72%
could
71%
like
71%
said
71%
know
70%
all
69%
hear
69%
men
69%
but
68%
I've
68%
by
66%
I'll
65%
never
65%
Never
65%
some
65%
up
65%
I'd
63%
our
63%
with
63%
With
63%
from
61%
had
61%
gonna
59%
got
58%
Now
58%
cowboy
57%
just
57%
Oh
57%
again
53%
thing
53%
at
51%
did
51%
down
51%
those
51%
only
49%
Takes
47%
thought
47%
way
47%
good
46%
their
46%
here
45%
sleeve
45%
tricks
45%
wanted
45%
car
44%
Dancing
44%
wanna
44%
asked
43%
Eyes
43%
lips
43%
pay
43%
dance
42%
Forever
41%
game
41%
hang
41%
things
41%
anything
40%
Babylon
40%
court
40%
dangerous
40%
dark
40%
Gardens
40%
tennis
40%
covered
39%
really
39%
sleeves
39%
tent-like
39%
meet
38%
old
38%
Telling
38%
believe
37%
fuck
37%
stars
37%
waiting
37%
bandit
35%
both
35%
forward
35%
hard
35%
rich
35%
sweetest
35%
bar
34%
before
34%
con
34%
folks
34%
about
33%
bed
33%
boots
33%
closets
33%
full
33%
skeletons
33%
through
33%
airport
32%
fancy
32%
life
32%
phone
32%
plotted
32%
Perched
30%
beneath
29%
town
29%
ladies
28%
swindled
28%
locked
27%
stories
26%
passed
25%
lunching
19%
Hustling
18%
Mm
13%
No matching quizzes found
Score Distribution
Percent of People with Each Score
Percentile by Number Answered
Your Score History
You have not taken this quiz since the last reset